[Event "FIDE WCC Blitz 2016 Men"]
[Site "Doha"]
[Date "2016.12.30"]
[Round "20"]
[White "Ghaem Maghami, Ehsan"]
[Black "Jumabayev, Rinat"]
[Result "1-0"]
[WhiteElo "2574"]
[BlackElo "2611"]
[PlyCount "147"]
[EventDate "2016.??.??"]
[EventType "blitz"]
[EventCountry "QAT"]
[SourceTitle "playchess.com"]
[Source "ChessBase"]

1. e4 c5 2. Nf3 e6 3. b3 b6 4. Bb2 Bb7 5. Nc3 Nf6 6. e5 Nd5 7. Ne4 Nf4 8. d3 h6
9. g3 Ng6 10. h4 Be7 11. Bg2 Bxe4 12. dxe4 Nc6 13. h5 Nf8 14. Qd2 Nh7 15. Nh2
Qc7 16. Ng4 O-O-O 17. O-O-O Kb8 18. f4 Rhg8 19. Qe3 f6 20. exf6 Nxf6 21. Nf2 d6
22. Kb1 e5 23. c3 Rge8 24. Qd2 Bf8 25. Bf3 a6 26. Qe2 Ka7 27. Rhe1 b5 28. Rd2
Qb6 29. Qe3 Kb7 30. Red1 c4 31. Qxb6+ Kxb6 32. bxc4 bxc4 33. Kc2 Kc7 34. f5 Nd7
35. Ng4 Nb6 36. Rb1 Be7 37. Ba3 Bg5 38. Rdd1 Nc8 39. Be2 Nb6 40. Bxd6+ Rxd6 41.
Rxd6 Kxd6 42. Rxb6 Kc5 43. Rb1 Rd8 44. Rd1 Rxd1 45. Bxd1 Bf6 46. Be2 Na7 47.
Ne3 Nb5 48. Nxc4 Nc7 49. Nd2 Kb6 50. Kb3 Ne8 51. Kc4 Kc6 52. Kb4 Kb6 53. Nc4+
Kb7 54. Kc5 Nc7 55. Nd6+ Kb8 56. Kc6 a5 57. a4 Na8 58. Nc4 Nc7 59. Nxa5 Ne8 60.
Nc4 Nc7 61. Nb6 Bd8 62. Nd7+ Ka7 63. Nxe5 Ne8 64. Nf7 Ba5 65. c4 Bc3 66. e5 Kb8
67. c5 Nc7 68. e6 Bf6 69. Nd6 Be5 70. g4 Bf6 71. Ne4 Bh4 72. Bc4 Ne8 73. Kd7
Nc7 74. e7 1-0

[Event "FIDE WCC Blitz 2016 Men"]
[Site "Doha"]
[Date "2016.12.30"]
[Round "20"]
[White "Agdestein, Simen"]
[Black "Xu, Yi"]
[Result "1-0"]
[WhiteElo "2602"]
[BlackElo "2430"]
[PlyCount "59"]
[EventDate "2016.??.??"]
[EventType "blitz"]
[EventCountry "QAT"]
[SourceTitle "playchess.com"]
[Source "ChessBase"]

1. d4 Nf6 2. c4 e6 3. Nf3 d5 4. Nc3 Bb4 5. e3 O-O 6. Bd3 c5 7. O-O cxd4 8. exd4
dxc4 9. Bxc4 b6 10. Bg5 Bb7 11. Rc1 Nbd7 12. Qe2 h6 13. Bh4 Be7 14. Rfd1 Rc8
15. Ne5 Nxe5 16. dxe5 Nd7 17. Bg3 Bc6 18. Nb5 Bxb5 19. Bxb5 Rxc1 20. Rxc1 Nc5
21. b4 Nb7 22. Qe4 Qb8 23. Ba6 Nd8 24. Rc8 f5 25. exf6 Qxc8 26. Bxc8 Bxf6 27.
Bxe6+ Kh8 28. Bb3 Nf7 29. h4 Kg8 30. Qb7 1-0

[Event "FIDE WCC Blitz 2016 Men"]
[Site "Doha"]
[Date "2016.12.30"]
[Round "20"]
[White "Nguyen, Ngoc Truong Son"]
[Black "Bortnyk, Olexandr"]
[Result "1-0"]
[WhiteElo "2629"]
[BlackElo "2581"]
[PlyCount "123"]
[EventDate "2016.??.??"]
[EventType "blitz"]
[EventCountry "QAT"]
[SourceTitle "playchess.com"]
[Source "ChessBase"]

1. d4 d6 2. e4 Nf6 3. Nc3 Nbd7 4. Nf3 e5 5. Bc4 Be7 6. O-O O-O 7. Re1 a6 8. a4
b6 9. b3 Bb7 10. Bb2 c6 11. Bd3 Re8 12. Ne2 exd4 13. Nexd4 Nc5 14. Nf5 Bf8 15.
e5 Nxd3 16. Qxd3 dxe5 17. Nxe5 Qxd3 18. Nxd3 Nd5 19. c4 Nb4 20. Nxb4 Bxb4 21.
Rxe8+ Rxe8 22. Nxg7 Re2 23. Bf6 Bc5 24. Rd1 h6 25. Nh5 Rxf2 26. Bd4 Rb2 27.
Bxc5 bxc5 28. Rd3 Kf8 29. Ng3 Ke7 30. Ne4 Bc8 31. Nxc5 a5 32. h3 Bf5 33. Rd4
Bc2 34. Rd7+ Kf6 35. Kh2 Ke5 36. Rxf7 Kd4 37. Nb7 Be4 38. Rg7 Rxb3 39. Nxa5 Rb4
40. Rg4 Ke5 41. c5 Rxa4 42. Nb7 Ra2 43. Nd6 Bd5 44. h4 Rc2 45. Rg6 Rxc5 46.
Rxh6 Ra5 47. Nc4+ Bxc4 48. Rh5+ Kd4 49. Rxa5 Bd3 50. g4 c5 51. h5 c4 52. Kg3 c3
53. Ra1 Ke3 54. g5 c2 55. g6 Kd2 56. Kf4 Kc3 57. Kg5 Kb2 58. Rg1 Be2 59. g7 Bd1
60. Rg2 Bxh5 61. Kxh5 Ka1 62. Rxc2 1-0

[Event "FIDE WCC Blitz 2016 Men"]
[Site "Doha"]
[Date "2016.12.30"]
[Round "20"]
[White "Bologan, Victor"]
[Black "Howell, David W L"]
[Result "1-0"]
[WhiteElo "2640"]
[BlackElo "2644"]
[PlyCount "99"]
[EventDate "2016.??.??"]
[EventType "blitz"]
[EventCountry "QAT"]
[SourceTitle "playchess.com"]
[Source "ChessBase"]

1. e4 e5 2. Nf3 Nc6 3. Bc4 Nf6 4. d3 h6 5. O-O d6 6. c3 g6 7. d4 Qe7 8. Re1 Bg7
9. h3 O-O 10. Nbd2 Nh5 11. Nf1 Bd7 12. Ne3 Rac8 13. Nd5 Qd8 14. Be3 Nf6 15.
dxe5 Nxd5 16. Bxd5 dxe5 17. Bc5 Ne7 18. Bxb7 Rb8 19. Bd5 a5 20. Bb3 Qe8 21. Qc2
a4 22. Bc4 Bc6 23. b4 Kh7 24. Re3 f5 25. Rae1 Bxe4 26. Rxe4 fxe4 27. Nd2 Rd8
28. Nxe4 Rf4 29. g3 Rf5 30. h4 Nc8 31. Bd3 Rf3 32. Be2 Rf7 33. h5 Kh8 34. hxg6
Rfd7 35. Bb5 Qxg6 36. Bxd7 Rxd7 37. Qxa4 Rd8 38. Kg2 Nd6 39. Bxd6 cxd6 40. c4
Rc8 41. Qb3 Qe6 42. Rc1 Rf8 43. Qd3 Qf5 44. Rc2 Rd8 45. Rd2 h5 46. Nxd6 Qxd3
47. Rxd3 Kh7 48. c5 Bf8 49. Kf3 Kg6 50. Ke4 1-0

[Event "FIDE WCC Blitz 2016 Men"]
[Site "Doha"]
[Date "2016.12.30"]
[Round "20"]
[White "Zhang, Zhong"]
[Black "Belyakov, Bogdan"]
[Result "1-0"]
[WhiteElo "2645"]
[BlackElo "2487"]
[PlyCount "139"]
[EventDate "2016.??.??"]
[EventType "blitz"]
[EventCountry "QAT"]
[SourceTitle "playchess.com"]
[Source "ChessBase"]

1. e4 e5 2. Nf3 Nc6 3. d4 exd4 4. Nxd4 Nf6 5. Nxc6 bxc6 6. Qe2 Bb4+ 7. Bd2 Qe7
8. e5 Nd5 9. c3 Ba5 10. g3 d6 11. exd6 cxd6 12. Na3 O-O 13. Qxe7 Nxe7 14. Bg2
d5 15. O-O-O Bf5 16. Nc2 Bb6 17. Rhe1 Ng6 18. Be3 Rfe8 19. Nd4 Bd7 20. f4 f6
21. Nc2 Ne7 22. a3 Nf5 23. Bxb6 axb6 24. Bh3 Kf8 25. c4 Rxe1 26. Nxe1 Ra5 27.
cxd5 cxd5 28. Nd3 Ke7 29. Nb4 Ne3 30. Re1 d4 31. Bxd7 Kxd7 32. Kd2 Nc4+ 33. Kc2
Rc5 34. Nd3 Ne3+ 35. Kb3 Rb5+ 36. Nb4 Kd6 37. a4 Rc5 38. Nd3 Rc8 39. Nb4 h5 40.
Re2 Rc1 41. Rd2 Nf5 42. Nd3 Ra1 43. Nb4 Rc1 44. Nd3 Ra1 45. Nb4 Rc1 46. Rc2 Re1
47. Rc6+ Kd7 48. Rxb6 Re2 49. a5 Re3+ 50. Kc4 Re2 51. a6 Nd6+ 52. Kxd4 Rxb2 53.
a7 Rd2+ 54. Kc3 Ne4+ 55. Kb3 Rd1 56. a8=Q Nc5+ 57. Kc4 Rc1+ 58. Kb5 Ne6 59.
Qa7+ Nc7+ 60. Qxc7+ Kxc7 61. Rc6+ Rxc6 62. Nxc6 Kd6 63. f5 Kd5 64. Nd8 Ke5 65.
Ne6 g5 66. fxg6 Kxe6 67. Kc5 f5 68. Kd4 Kf6 69. h4 f4 70. gxf4 1-0

[Event "FIDE WCC Blitz 2016 Men"]
[Site "Doha"]
[Date "2016.12.30"]
[Round "20"]
[White "Artemiev, Vladislav"]
[Black "Melkumyan, Hrant"]
[Result "1-0"]
[WhiteElo "2653"]
[BlackElo "2633"]
[PlyCount "99"]
[EventDate "2016.??.??"]
[EventType "blitz"]
[EventCountry "QAT"]
[SourceTitle "playchess.com"]
[Source "ChessBase"]

1. b3 d5 2. Bb2 Nf6 3. Nf3 g6 4. c4 c6 5. g3 Bg7 6. Bg2 O-O 7. O-O Bg4 8. d3
Nbd7 9. Nbd2 Bxf3 10. Nxf3 e6 11. Qc2 Qb6 12. e3 Rfe8 13. Rfc1 a5 14. Rab1 Nh5
15. a3 Bxb2 16. Rxb2 Ng7 17. d4 Nf5 18. Bh3 Qd8 19. cxd5 cxd5 20. Bxf5 gxf5 21.
Qd3 Rc8 22. Rxc8 Qxc8 23. Rc2 Qd8 24. Qb5 Re7 25. Kg2 Kg7 26. Qxb7 Ne5 27. Qc8
Qxc8 28. Rxc8 Nxf3 29. Kxf3 Rb7 30. Rc3 Kf6 31. Kf4 h5 32. h4 Rb8 33. Kf3 Rb7
34. Ke2 Rb8 35. Kd2 Rb7 36. Kc2 f4 37. exf4 Kf5 38. f3 f6 39. Rc5 Rg7 40. Rxa5
Rxg3 41. b4 Rh3 42. b5 Rxh4 43. b6 Rh2+ 44. Kc3 Rh1 45. Kc2 Rh2+ 46. Kb3 Rh1
47. Rb5 Rg1 48. b7 Rg8 49. b8=Q Rxb8 50. Rxb8 1-0

[Event "FIDE WCC Blitz 2016 Men"]
[Site "Doha"]
[Date "2016.12.30"]
[Round "20"]
[White "Salem, A R  Saleh"]
[Black "Onischuk, Vladimir"]
[Result "1-0"]
[WhiteElo "2656"]
[BlackElo "2601"]
[PlyCount "99"]
[EventDate "2016.??.??"]
[EventType "blitz"]
[EventCountry "QAT"]
[SourceTitle "playchess.com"]
[Source "ChessBase"]

1. d4 d6 2. e4 Nf6 3. Bd3 g6 4. Nf3 Bg7 5. O-O O-O 6. h3 Nbd7 7. c3 e5 8. Re1
b6 9. Nbd2 Bb7 10. a4 a6 11. Nf1 Re8 12. Ng3 d5 13. Bg5 h6 14. Bxf6 Bxf6 15.
exd5 exd4 16. Rxe8+ Qxe8 17. c4 a5 18. Qd2 Nc5 19. Re1 Qxa4 20. Bxg6 fxg6 21.
Qxh6 Qd7 22. Qxg6+ Qg7 23. Qh5 Rf8 24. Nf5 Qh7 25. Nh6+ Kh8 26. Ne5 Bxe5 27.
Qxe5+ Qg7 28. Qh5 Qh7 29. Qg5 Qg7 30. Qh5 Qh7 31. Qe5+ Qg7 32. Qh5 Qh7 33. Qe5+
Qg7 34. Qh5 Qh7 35. Re8 Rxe8 36. Qxe8+ Kg7 37. Ng4 Qb1+ 38. Kh2 Qf5 39. Qe7+
Kh8 40. Qd8+ Kg7 41. Qxc7+ Kh8 42. Qd8+ Kg7 43. Qe7+ Kh8 44. Qd8+ Kg7 45. Qc7+
Kh8 46. Qxb6 d3 47. Qxc5 Kh7 48. Qd4 a4 49. Ne5 d2 50. Nf3 1-0

[Event "FIDE WCC Blitz 2016 Men"]
[Site "Doha"]
[Date "2016.12.30"]
[Round "20"]
[White "Jobava, Baadur"]
[Black "Morozevich, Alexander"]
[Result "1-0"]
[WhiteElo "2702"]
[BlackElo "2676"]
[PlyCount "58"]
[EventDate "2016.??.??"]
[EventType "blitz"]
[EventCountry "QAT"]
[SourceTitle "playchess.com"]
[Source "ChessBase"]

1. d4 d5 2. c4 e5 3. dxe5 d4 4. Nf3 Nc6 5. Na3 Nge7 6. Nc2 Nf5 7. e4 Nh4 8.
Nfxd4 Nxe5 9. Bf4 Bd6 10. Bg3 Qe7 11. Qh5 Nhg6 12. Be2 Bb4+ 13. Kf1 Bd2 14. Rd1
Bf4 15. Nf5 Qf6 16. Nce3 Bxe3 17. Nxe3 c6 18. f3 O-O 19. Kf2 Nf4 20. Bxf4 Qxf4
21. g3 Qf6 22. f4 Nd7 23. e5 Qe7 24. Nf5 Qc5+ 25. Kg2 g6 26. Qg5 Nb6 27. Ne7+
Kg7 28. Qf6+ Kh6 29. g4 Rh8 1-0

[Event "FIDE WCC Blitz 2016 Men"]
[Site "Doha"]
[Date "2016.12.30"]
[Round "20"]
[White "Vallejo Pons, Francisco"]
[Black "Christiansen, Johan-Sebastian"]
[Result "1-0"]
[WhiteElo "2711"]
[BlackElo "2429"]
[PlyCount "53"]
[EventDate "2016.??.??"]
[EventType "blitz"]
[EventCountry "QAT"]
[SourceTitle "playchess.com"]
[Source "ChessBase"]

1. d4 d5 2. c4 dxc4 3. e3 e5 4. Bxc4 Nc6 5. Qb3 Qd7 6. Bd2 exd4 7. Nf3 Nf6 8.
exd4 Bd6 9. d5 Ne7 10. Bc3 Qf5 11. Bb5+ c6 12. dxc6 bxc6 13. Bc4 O-O 14. O-O
Ned5 15. Bxf6 Nxf6 16. Nbd2 Rb8 17. Qc3 Qh5 18. Rad1 Ng4 19. h3 Ne5 20. Be2 Qf5
21. Nc4 Nxc4 22. Bxc4 Bb4 23. Qe5 Qxe5 24. Nxe5 Rb6 25. b3 Kh8 26. Nxf7+ Rxf7
27. Bxf7 1-0

[Event "FIDE WCC Blitz 2016 Men"]
[Site "Doha"]
[Date "2016.12.30"]
[Round "20"]
[White "Yu, Yangyi"]
[Black "Maghsoodloo, Parham"]
[Result "1-0"]
[WhiteElo "2729"]
[BlackElo "2584"]
[PlyCount "37"]
[EventDate "2016.??.??"]
[EventType "blitz"]
[EventCountry "QAT"]
[SourceTitle "playchess.com"]
[Source "ChessBase"]

1. e4 g6 2. d4 Bg7 3. Nc3 d6 4. f4 a6 5. Nf3 b5 6. Bd3 Bb7 7. Qe2 c5 8. dxc5
dxc5 9. e5 Nh6 10. Be4 Qc8 11. Bxb7 Qxb7 12. Qe4 Nc6 13. Be3 c4 14. Nd4 Rc8 15.
Nd5 Nd8 16. O-O-O e6 17. Nc3 Nf5 18. Nxf5 gxf5 19. Rxd8+ 1-0

[Event "FIDE WCC Blitz 2016 Men"]
[Site "Doha"]
[Date "2016.12.30"]
[Round "20"]
[White "AL-Sayed, Mohammed"]
[Black "Lu, Shanglei"]
[Result "1/2-1/2"]
[WhiteElo "2508"]
[BlackElo "2627"]
[PlyCount "134"]
[EventDate "2016.??.??"]
[EventType "blitz"]
[EventCountry "QAT"]
[SourceTitle "playchess.com"]
[Source "ChessBase"]

1. d4 f5 2. Nc3 Nf6 3. Bf4 g6 4. h4 Bg7 5. h5 Nxh5 6. Rxh5 gxh5 7. e3 O-O 8.
Qxh5 d6 9. Nf3 Qe8 10. Qh2 Nd7 11. O-O-O Nf6 12. Bc4+ e6 13. Rh1 Qg6 14. Nh4
Qh5 15. Qg1 Bd7 16. Ne2 d5 17. Bd3 Qe8 18. Be5 Bb5 19. Bxb5 Qxb5 20. Nf4 Qd7
21. Nf3 Rae8 22. Qh2 Bh8 23. Ng5 Ng4 24. Qg3 Bxe5 25. dxe5 Qg7 26. Nxh7 Qxe5
27. Nxf8 Rxf8 28. Qh4 Rf7 29. Qg5+ Qg7 30. Ng6 Qf6 31. Ne7+ Kf8 32. Ng6+ Ke8
33. Qh5 Kd7 34. f3 Rg7 35. fxg4 Rxg6 36. gxf5 exf5 37. Rf1 Rg5 38. Qh7+ Kc6 39.
Qh2 Qe6 40. Qf4 Rxg2 41. a4 b6 42. a5 bxa5 43. Kb1 Qe4 44. Qxf5 Qxe3 45. Rf3
Qe1+ 46. Ka2 Qe4 47. Qf6+ Kd7 48. Qf7+ Kc8 49. Qf8+ Kd7 50. Qf7+ Kd8 51. Qf8+
Qe8 52. Qf6+ Qe7 53. Qc6 Qd6 54. Qxd6+ cxd6 55. c3 Rg7 56. Rf5 Kc7 57. Rxd5 Kc6
58. Rd4 d5 59. Ka3 Rg2 60. Kb3 Kc5 61. Ka3 Re2 62. Ka2 Re4 63. Rd1 Kc4 64. Ka3
Kc5 65. Rh1 d4 66. Rh5+ Kb6 67. cxd4 Rxd4 1/2-1/2

[Event "FIDE WCC Blitz 2016 Men"]
[Site "Doha"]
[Date "2016.12.30"]
[Round "20"]
[White "Tari, Aryan"]
[Black "Potapov, Pavel"]
[Result "1/2-1/2"]
[WhiteElo "2584"]
[BlackElo "2493"]
[PlyCount "100"]
[EventDate "2016.??.??"]
[EventType "blitz"]
[EventCountry "QAT"]
[SourceTitle "playchess.com"]
[Source "ChessBase"]

1. e4 d5 2. exd5 Qxd5 3. Nc3 Qd6 4. d4 Nf6 5. Nf3 g6 6. Nb5 Qb6 7. Bc4 Bg7 8.
Bf4 Na6 9. Rb1 O-O 10. O-O c6 11. Nc3 Nb4 12. h3 Bf5 13. Bb3 Rad8 14. Qe2 Nfd5
15. Nxd5 Nxd5 16. Be5 Bh6 17. Rbd1 Rfe8 18. Rfe1 a5 19. a4 Qb4 20. Bh2 Bg7 21.
Ne5 Be6 22. Rd3 Qb6 23. Red1 Bf5 24. Rf3 Rf8 25. Qe1 Qb4 26. Qxb4 axb4 27. Re1
Be6 28. Rd3 Bf5 29. Rd2 Bh6 30. Rde2 Bg7 31. Nf3 Bf6 32. Be5 Kg7 33. Bxf6+ exf6
34. Rd2 h5 35. Ra1 g5 36. a5 Be4 37. Ne1 Ra8 38. Bc4 Rfe8 39. Nd3 Bxd3 40. Rxd3
Nf4 41. Rd2 b5 42. Bb3 Ra7 43. g3 Nxh3+ 44. Kg2 g4 45. d5 cxd5 46. Rxd5 Re2 47.
Rf1 Rxa5 48. Rxh5 Ng5 49. Rh4 f5 50. Rh5 f6 1/2-1/2

[Event "FIDE WCC Blitz 2016 Men"]
[Site "Doha"]
[Date "2016.12.30"]
[Round "20"]
[White "Adly, Ahmed"]
[Black "Grandelius, Nils"]
[Result "1/2-1/2"]
[WhiteElo "2599"]
[BlackElo "2643"]
[PlyCount "115"]
[EventDate "2016.??.??"]
[EventType "blitz"]
[EventCountry "QAT"]
[SourceTitle "playchess.com"]
[Source "ChessBase"]

1. d4 Nf6 2. Nf3 d5 3. c4 e6 4. Nc3 dxc4 5. e3 a6 6. Bxc4 b5 7. Be2 Bb7 8. O-O
Nbd7 9. b3 c5 10. Bb2 Be7 11. Rc1 O-O 12. Qc2 Qb6 13. Rfd1 Rfd8 14. dxc5 Nxc5
15. b4 Nce4 16. Nxe4 Bxe4 17. Qc3 Rxd1+ 18. Rxd1 Bf8 19. a3 Qb7 20. Qe5 Rc8 21.
Qg3 Qe7 22. Nd2 Bg6 23. h4 Rc2 24. Bxf6 Qxf6 25. h5 Bf5 26. e4 Qb2 27. Qf4 e5
28. Qxf5 Rxd2 29. Rxd2 Qxd2 30. Bf1 Qc3 31. g3 Qxa3 32. Qc8 Qxb4 33. Qxa6 Qxe4
34. Qxb5 Qf5 35. Be2 g6 36. hxg6 hxg6 37. Kg2 Kg7 38. Qd5 Qf6 39. Bc4 Bb4 40.
Qe4 Bc5 41. Qf3 Qxf3+ 42. Kxf3 f5 43. Kg2 Kf6 44. Bb3 e4 45. Ba2 Ke5 46. Bf7 g5
47. Bg6 f4 48. gxf4+ gxf4 49. Bh5 Kd4 50. Kf1 f3 51. Bg6 Ke5 52. Bh7 Kf4 53.
Bg6 Bxf2 54. Kxf2 e3+ 55. Kf1 Kg3 56. Bd3 e2+ 57. Bxe2 fxe2+ 58. Kxe2 1/2-1/2

[Event "FIDE WCC Blitz 2016 Men"]
[Site "Doha"]
[Date "2016.12.30"]
[Round "20"]
[White "Mareco, Sandro"]
[Black "Adhiban, B."]
[Result "1/2-1/2"]
[WhiteElo "2635"]
[BlackElo "2666"]
[PlyCount "82"]
[EventDate "2016.??.??"]
[EventType "blitz"]
[EventCountry "QAT"]
[SourceTitle "playchess.com"]
[Source "ChessBase"]

1. c4 Nf6 2. Nc3 g6 3. g3 Bg7 4. Bg2 O-O 5. Nf3 d6 6. d4 Nbd7 7. O-O e5 8. e4
exd4 9. Nxd4 a6 10. h3 Re8 11. Re1 Rb8 12. Bf4 Ne5 13. Qb3 Nd3 14. Nc6 bxc6 15.
Qxb8 Nxf4 16. gxf4 Nh5 17. e5 d5 18. Ne2 Qh4 19. Qxc7 Bxh3 20. Qxc6 Rd8 21.
Bxd5 Nxf4 22. Nxf4 Qxf4 23. Qb7 Rd7 24. Qa8+ Bf8 25. Bg2 Bxg2 26. Qxg2 Qxc4 27.
Qf3 Qc2 28. e6 fxe6 29. Rxe6 Qxb2 30. Rae1 Rf7 31. Qe2 Qc3 32. Re8 a5 33. Qe3
Qc4 34. Re2 a4 35. Qe6 Qc5 36. Rc8 Qg5+ 37. Kf1 Qh4 38. Kg2 Qg5+ 39. Kf1 Qh4
40. Kg2 Qg5+ 41. Kf1 Qh4 1/2-1/2

[Event "FIDE WCC Blitz 2016 Men"]
[Site "Doha"]
[Date "2016.12.30"]
[Round "20"]
[White "Dreev, Aleksey"]
[Black "Najer, Evgeniy"]
[Result "1/2-1/2"]
[WhiteElo "2652"]
[BlackElo "2679"]
[PlyCount "89"]
[EventDate "2016.??.??"]
[EventType "blitz"]
[EventCountry "QAT"]
[SourceTitle "playchess.com"]
[Source "ChessBase"]

1. d4 d5 2. c4 c6 3. Nf3 Nf6 4. e3 Bg4 5. Qb3 Qb6 6. Nc3 e6 7. Nh4 Bh5 8. h3
Be7 9. g4 Bg6 10. Nxg6 hxg6 11. Bg2 g5 12. Bd2 Nbd7 13. O-O-O Qxb3 14. axb3
O-O-O 15. e4 dxc4 16. bxc4 Nh7 17. e5 c5 18. Be3 cxd4 19. Bxd4 Bc5 20. Bxc5
Nxc5 21. Kc2 a6 22. b4 Nd7 23. Rhe1 Kc7 24. c5 Nhf8 25. Ne4 Nxe5 26. Rxd8 Kxd8
27. Nxg5 f6 28. Rxe5 fxg5 29. Rxg5 g6 30. Bxb7 Rxh3 31. Bxa6 Rf3 32. b5 Rxf2+
33. Kc3 Nd7 34. b6 Rf6 35. Bb5 Rf8 36. Bxd7 Kxd7 37. Rxg6 Kc6 38. Rxe6+ Kxc5
39. g5 Rf3+ 40. Kd2 Rf7 41. g6 Rd7+ 42. Ke3 Kd5 43. Rf6 Ke5 44. Rf7 Rd6 45. b7
1/2-1/2

[Event "FIDE WCC Blitz 2016 Men"]
[Site "Doha"]
[Date "2016.12.30"]
[Round "20"]
[White "Jakovenko, Dmitry"]
[Black "Quparadze, Giga"]
[Result "1/2-1/2"]
[WhiteElo "2704"]
[BlackElo "2481"]
[PlyCount "212"]
[EventDate "2016.??.??"]
[EventType "blitz"]
[EventCountry "QAT"]
[SourceTitle "playchess.com"]
[Source "ChessBase"]

1. Nf3 c5 2. g3 Nc6 3. Bg2 g6 4. c4 Bg7 5. O-O d6 6. Nc3 e6 7. e3 Nge7 8. d4
O-O 9. Re1 cxd4 10. exd4 d5 11. cxd5 Nxd5 12. Bg5 Bf6 13. Bh6 Re8 14. Qd2 Nce7
15. Ne4 Bg7 16. Bg5 f6 17. Be3 b6 18. Qd3 Bb7 19. Bd2 Nf5 20. Rac1 a5 21. a3
Qd7 22. Qb3 a4 23. Qa2 Ba6 24. Nc3 Rad8 25. Nxd5 exd5 26. g4 Ne7 27. h3 Bc4 28.
Qb1 Nc6 29. Rxe8+ Rxe8 30. Re1 b5 31. Bc3 Bh6 32. Qd1 Bb3 33. Qd3 Bc4 34. Qd1
Nd8 35. Nd2 Bxd2 36. Qxd2 Rxe1+ 37. Qxe1 Nf7 38. Bb4 Ng5 39. Qe3 Ne6 40. h4 Ng7
41. Bf3 Qe6 42. Kg2 Qxe3 43. fxe3 Ne6 44. Kg3 Kf7 45. Ba5 Ke7 46. Bb6 Kd6 47.
Ba5 Kd7 48. Kf2 Kd6 49. Bb4+ Kd7 50. Ke1 Nc7 51. Kd2 Ne6 52. Kc3 Nc7 53. Ba5
Ne6 54. Kb4 Kc6 55. Kc3 Kd7 56. Bb4 Nc7 57. Bc5 Ne6 58. Ba7 Kc6 59. Bb8 Kd7 60.
Kb4 Ng7 61. Kc5 Ne6+ 62. Kb6 Ng7 63. e4 Ne6 64. exd5 Nxd4 65. Bg2 Be2 66. Kc5
Nb3+ 67. Kb6 Nd4 68. Kc5 Nb3+ 69. Kb4 Nd2 70. d6 Nc4 71. Kc5 Ne5 72. Bd5 Bxg4
73. Kxb5 f5 74. Kxa4 f4 75. Kb3 f3 76. Ba7 Nd3 77. Be4 Nf4 78. Kc3 Ne6 79. b4
Kxd6 80. a4 Kc7 81. b5 Kc8 82. b6 Nc5 83. Bd5 f2 84. b7+ Nxb7 85. Bxf2 Bd7 86.
Kb4 Nd8 87. Bb6 Nc6+ 88. Kc5 Ne7 89. Bb3 h6 90. a5 g5 91. h5 Bg4 92. a6 Bxh5
93. Be6+ Kb8 94. a7+ Kb7 95. Kd6 Bf3 96. a8=Q+ Kxa8 97. Kxe7 h5 98. Kf6 g4 99.
Kg5 g3 100. Kh4 g2 101. Kg3 Be4 102. Bf7 Kb7 103. Bf2 Kc6 104. Bxh5 Bd5 105.
Kf4 Kd6 106. Kf5 Bc6 1/2-1/2

[Event "FIDE WCC Blitz 2016 Men"]
[Site "Doha"]
[Date "2016.12.30"]
[Round "20"]
[White "Tomashevsky, Evgeny"]
[Black "Matlakov, Maxim"]
[Result "1/2-1/2"]
[WhiteElo "2716"]
[BlackElo "2694"]
[PlyCount "88"]
[EventDate "2016.??.??"]
[EventType "blitz"]
[EventCountry "QAT"]
[SourceTitle "playchess.com"]
[Source "ChessBase"]

1. c4 Nf6 2. Nc3 e6 3. d4 c5 4. d5 exd5 5. cxd5 d6 6. Nf3 g6 7. e4 Bg7 8. Nd2
O-O 9. Be2 Re8 10. O-O Nbd7 11. Kh1 Ne5 12. f3 a6 13. a4 Rb8 14. Ra3 g5 15. a5
b5 16. axb6 Rxb6 17. g3 Kh8 18. Rg1 Rb4 19. Bxa6 Bxa6 20. Rxa6 g4 21. f4 Nd3
22. Qf1 Rd4 23. Nb5 Nxe4 24. Nxe4 Rexe4 25. Nxd4 Rxd4 26. Be3 Rxd5 27. Qg2 Nb4
28. Ra4 Qe8 29. Rxb4 Rd3 30. Re4 Qb8 31. Qe2 Rb3 32. Bd4 Qb7 33. Bxg7+ Kxg7 34.
Re1 f5 35. Qd2 fxe4 36. Qxd6 e3+ 37. Kg1 Rxb2 38. Qe5+ Kf7 39. Qf5+ Kg7 40.
Qxg4+ Kf8 41. Qf5+ Kg7 42. Qg5+ Kf7 43. Qf5+ Kg7 44. Qg5+ Kf7 1/2-1/2

[Event "FIDE WCC Blitz 2016 Men"]
[Site "Doha"]
[Date "2016.12.30"]
[Round "20"]
[White "khayat, Abdullah F"]
[Black "Quintiliano Pinto, Renato R"]
[Result "0-1"]
[WhiteElo "1732"]
[BlackElo "2484"]
[PlyCount "76"]
[EventDate "2016.??.??"]
[EventType "blitz"]
[EventCountry "QAT"]
[SourceTitle "playchess.com"]
[Source "ChessBase"]

1. d4 d5 2. Nf3 Bf5 3. Nbd2 e6 4. g3 h6 5. Bg2 c5 6. c3 Nc6 7. O-O Nf6 8. Re1
Bh7 9. a3 Qb6 10. Qb3 c4 11. Qxb6 axb6 12. Nf1 b5 13. Bf4 Nd7 14. Bc1 b4 15.
cxb4 Bxb4 16. Bd2 Bxd2 17. N1xd2 O-O 18. e4 Nb6 19. exd5 exd5 20. Ne5 Nxd4 21.
Rac1 Rfd8 22. Nef3 Nc6 23. Ne5 Na5 24. b4 Nc6 25. Nxc6 bxc6 26. Ra1 Rd7 27. Bh3
Rda7 28. Re5 Bg6 29. Bg2 Rxa3 30. Rxa3 Rxa3 31. Nf3 Ra1+ 32. Bf1 Bd3 33. Nd2 c3
34. Kg2 Bxf1+ 35. Nxf1 c2 36. Re8+ Kh7 37. Ne3 c1=Q 38. Ng4 Nc4 0-1

[Event "FIDE WCC Blitz 2016 Men"]
[Site "Doha"]
[Date "2016.12.30"]
[Round "20"]
[White "Stratonowitsch, Andre"]
[Black "Venkatesh, M R."]
[Result "0-1"]
[WhiteElo "2138"]
[BlackElo "2439"]
[PlyCount "117"]
[EventDate "2016.??.??"]
[EventType "blitz"]
[EventCountry "QAT"]
[SourceTitle "playchess.com"]
[Source "ChessBase"]

1. e4 d5 2. exd5 Nf6 3. d4 Bg4 4. Be2 Bxe2 5. Nxe2 Qxd5 6. O-O Nc6 7. c3 O-O-O
8. Qb3 e6 9. Qxd5 exd5 10. Bg5 Be7 11. Nd2 Rhe8 12. Rfe1 h6 13. Bh4 g5 14. Bg3
Nd7 15. f4 f5 16. Nf3 g4 17. Ne5 h5 18. Ng6 Bf6 19. Bh4 Re6 20. Bxf6 Nxf6 21.
Ng3 Ne4 22. Nxe4 fxe4 23. Ne5 Ne7 24. Nf7 Rf8 25. Ng5 Rb6 26. b3 Rxf4 27. Rf1
Rbf6 28. Rxf4 Rxf4 29. Rf1 Rxf1+ 30. Kxf1 Kd7 31. c4 c6 32. Ke2 Nf5 33. cxd5
cxd5 34. Nh7 Ke6 35. Nf8+ Ke7 36. Ng6+ Kf6 37. Nf4 Nxd4+ 38. Kd1 Ke5 39. Nxh5
Nf5 40. h3 gxh3 41. gxh3 d4 42. Ke2 d3+ 43. Kd2 a5 44. a3 b5 45. b4 a4 46. Kc3
Ne3 47. Ng3 Nd5+ 48. Kd2 Nf4 49. Ke3 Nd5+ 50. Kd2 Kf4 51. Nf1 Kf3 52. h4 Kf2
53. Nh2 Nf6 54. h5 e3+ 55. Kxd3 e2 56. h6 e1=Q 57. Ng4+ Nxg4 58. h7 Qe8 59. Kd4
0-1

[Event "FIDE WCC Blitz 2016 Men"]
[Site "Doha"]
[Date "2016.12.30"]
[Round "20"]
[White "Shytaj, Luca"]
[Black "Tregubov, Pavel V"]
[Result "0-1"]
[WhiteElo "2435"]
[BlackElo "2585"]
[PlyCount "130"]
[EventDate "2016.??.??"]
[EventType "blitz"]
[EventCountry "QAT"]
[SourceTitle "playchess.com"]
[Source "ChessBase"]

1. b3 d5 2. Bb2 Nf6 3. f4 g6 4. Nf3 Bg7 5. e3 O-O 6. Be2 c5 7. O-O Nc6 8. d3 b6
9. Ne5 Bb7 10. Nd2 d4 11. Nxc6 Bxc6 12. e4 Rc8 13. Nc4 b5 14. Ne5 Bb7 15. a4 a6
16. axb5 axb5 17. Bf3 Nd7 18. Nxd7 Qxd7 19. Ra7 Ra8 20. Qa1 e5 21. f5 Rxa7 22.
Qxa7 Qc6 23. Qa1 c4 24. bxc4 bxc4 25. c3 dxc3 26. Bxc3 cxd3 27. Kh1 Qc5 28. Qb2
Ba6 29. Ra1 Qb5 30. Qa2 Qc4 31. Qxa6 Qxc3 32. Rd1 d2 33. f6 Bh6 34. Qd6 Qe3 35.
Qa6 Bg5 36. Qe2 Qxe2 37. Bxe2 Rd8 38. Rf1 Bxf6 39. g3 Bg5 40. Kg2 h5 41. h4 Bh6
42. Rd1 Rc8 43. Bf3 Rc3 44. Kf2 Kg7 45. Ke2 Rc1 46. Kf2 Kf6 47. Ke2 Ke7 48. Kd3
Kd6 49. Ke2 Kc5 50. Kd3 Kb4 51. g4 hxg4 52. Bxg4 f5 53. Be2 Kc5 54. h5 fxe4+
55. Kxe4 gxh5 56. Bxh5 Bf4 57. Kd3 Kb4 58. Be2 Kb3 59. Bh5 Rc3+ 60. Ke2 Kc2 61.
Bg6+ Kb2 62. Rb1+ Ka2 63. Rd1 Re3+ 64. Kf2 Re1 65. Rxe1 Bg3+ 0-1